000 00609nam a2200217 a 4500
999 _c2570
_d2570
001 2570
003 BD-JhCC
005 20171104191857.0
008 171104s1985 bg |||| ||a| 000 0 ben d
035 _a(BD-JhCC)2570
040 _aBD-JhCC
_dBD-JhCC
041 _aben
082 _a332.1
_bKAB 1985
100 _aকবীর, সৈয়দ আলী
245 _aব্যাংকিং /
_cসৈয়দ আলী কবীর,
260 _aঢাকা :
_bবাংলা একাডেমী,
_c1985
300 _a96 p. :
_c18 cm.
650 _aBanking
942 _2ddc
_cBK